Работы Морфологической лаборатории за 1935-1937 годы (Запись № 7546223)

Подробности
000 -МАРКЕР
контрольное поле 01691nam0a22003371 4500
001 - ИДЕНТИФИКАТОР ЗАПИСИ
контрольное поле rc\3052569
005 - ИДЕНТИФИКАТОР ВЕРСИИ
контрольное поле 20260406172530.0
010 ## - МЕЖДУНАРОДНЫЙ СТАНДАРТНЫЙ НОМЕР КНИГИ (ISBN)
Цена 25 р.
Тираж 600
021 ## - НОМЕР ГОСУДАРСТВЕННОЙ РЕГИСТРАЦИИ
Код страны Российская Федерация
Номер [41-8064Ж]
035 ## - ДРУГИЕ СИСТЕМНЫЕ НОМЕРА
Идентификатор записи (NLR Aleph) 007191919
100 ## - ДАННЫЕ ОБЩЕЙ ОБРАБОТКИ
Данные общей обработки 20111010d1940 |||y0rusy50 ca
101 0# - ЯЗЫК РЕСУРСА
Язык текста, звукозаписи и т.д. русский
Язык резюме английский
102 ## - СТРАНА ПУБЛИКАЦИИ ИЛИ ПРОИЗВОДСТВА
Страна публикации Российская Федерация
105 ## - ПОЛЕ КОДИРОВАННЫХ ДАННЫХ: ТЕКСТОВЫЕ МАТЕРИАЛЫ, МОНОГРАФИЧЕСКИЕ
Кодированные данные о монографическом текстовом документе a d |||||
200 1# - ЗАГЛАВИЕ И СВЕДЕНИЯ ОБ ОТВЕТСТВЕННОСТИ
Основное заглавие Работы Морфологической лаборатории за 1935-1937 годы
Сведения, относящиеся к заглавию [сборник статей по морфологии и генетике человека]
210 ## - ПУБЛИКАЦИЯ, РАСПРОСТРАНЕНИЕ И ДР.
Место издания, распространения и т.д. Москва
Дата издания, распространения и т.д. 1940
215 ## - ФИЗИЧЕСКАЯ ХАРАКТЕРИСТИКА
Специфическое обозначение материала и объем 270 с.
Другие сведения о физической характеристике ил., черт.
Размеры 26
225 1# - СЕРИЯ
Основное заглавие серии Ученые записки Московского государственного университета
Обозначение тома вып. 34
Наименование части Антропология
Обозначение тома ненум. вып. [2]
Наименование части Труды
Сведения об ответственности Науч.-исслед. ин-т антропологии МГУ
Обозначение тома вып. 5
300 ## - ОБЩИЕ ПРИМЕЧАНИЯ
Текст примечания Резюме статей на англ. яз.
320 ## - ПРИМЕЧАНИЯ О НАЛИЧИИ В ДОКУМЕНТЕ БИБЛИОГРАФИИ / УКАЗАТЕЛЯ
Текст примечания Библиогр. в конце статей
517 1# - ДРУГИЕ ВАРИАНТЫ ЗАГЛАВИЯ
Вариант заглавия Сборник статей по морфологии и генетике человека
Язык заглавия русский
601 02 - НАИМЕНОВАНИЕ ОРГАНИЗАЦИИ КАК ПРЕДМЕТ
Начальный элемент ввода Научно-исследовательский институт антропологии
Идентифицирующий признак Москва, город
Формальный подзаголовок Сборники
Системный номер авторитетной/нормативной записи 2077487
Идентификатор авторитетной/нормативной записи RU\NLR\AUTH\661253119
686 0# - ИНДЕКСЫ ДРУГИХ КЛАССИФИКАЦИЙ
Индекс Е7я43(2)л2
Код системы
710 02 - НАИМЕНОВАНИЕ ОРГАНИЗАЦИИ - ПЕРВИЧНАЯ ОТВЕТСТВЕННОСТЬ
Начальный элемент ввода НИИ антропологии
Идентифицирующий признак Москва
Структурное подразделение Морфологическая лаборатория
Идентификатор авторитетной/нормативной записи RU\NLR\AUTH\889940119
Системный номер авторитетной/нормативной записи 375072
801 #0 - ИСТОЧНИК ЗАПИСИ
Страна Российская Федерация
Организация NLR
Правила каталогизации psbo
801 #1 - ИСТОЧНИК ЗАПИСИ
Страна Российская Федерация
Организация ELAR
Источник данных rusmarc
801 #2 - ИСТОЧНИК ЗАПИСИ
Страна Российская Федерация
Организация NLR
Дата составления 20180208
Источник данных rusmarc
852 ## - МЕСТОНАХОЖДЕНИЕ И ШИФР ХРАНЕНИЯ
Идентификатор организации NLR
Шифр хранения (Call Number) П1/158 (1940, вып. 34)
942 ## - ДОПОЛНИТЕЛЬНЫЕ ЭЛЕМЕНТЫ ЗАПИСИ (АБИС)
Тип экземпляра АБИС Книга
980 ## - КОЛЛЕКЦИЯ
Название коллекции Национальная библиография
Экземпляры
Тип экземпляра Дата поступления Библиотека постоянного хранения Библиотека текущего хранения Место хранения Шифр хранения Штрих-код Статус экземпляра
Книга 26.10.2013 РНБ (Московский) РНБ (Московский) Русский журнальный фонд П1/158 7191919-10